| 000 | 00943nam a2200229 a 4500 | ||
|---|---|---|---|
| 001 | BRCA_907 | ||
| 005 | 20190320203212.0 | ||
| 008 | 070810s2006 mx-a---##c---#000-0dspa-# | ||
| 040 |
_aDLC _cDLC |
||
| 041 | _aspa | ||
| 041 | _aita | ||
| 050 | 4 |
_aNK7152 _b.A78 2006 |
|
| 245 | 1 | 0 |
_aDel arte decorativo al diseño _bplata italiana del siglo XX = Dall´ Arte Decorativa al Decorativa al Design : Argenti Italiani del Secolo XX _ccuraduría de Giorgio Forni. |
| 260 |
_aMéxico _bMuseo Franz Mayer _c2006 |
||
| 300 |
_a160 p. _bil. (algunas a color) _c27 cm. |
||
| 500 | _aCatálogo de la exposición realizada en el Museo Franz Mayer (Ciudad de México), 21 junio - 27 agosto, 2006 | ||
| 546 | _aTexto en : español e italiano | ||
| 650 | 1 | 4 |
_aPlata _vExposiciones _xHistoria _ySiglo XX _zItalia _93009 |
| 700 | 1 |
_aForni, Giorgio _93010 |
|
| 740 | 0 | _aDall´ Arte Decorativa al Decorativa al Design : Argenti Italiani del Secolo XX | |
| 942 |
_2lcc _cB |
||
| 999 |
_c800 _d800 |
||